Analýza likvidity pomocou stanovaných veličín

Problematika oblasti finančnej analýzy, t.j. analýzy likvidity, ktorá sa realizuje pomocou stavových veličín. Postup hodnotenia likvidity podniku. Posudzovanie vzťahov medzi krátkodobými majetkovými a záväzkovými položkami súvahy, t.j. zložkami čistého pracovného kapitálu.

Uložené v:
Podrobná bibliografia
Hlavný autor: Janeková, Jaroslava
Ďalší autori: Valigurová, Tatiana
Médium: Kapitola
Jazyk:Slovak
Predmet:
Tagy: Pridať tag
Žiadne tagy, Buďte prvý, kto otaguje tento záznam!

MARC

LEADER 00000nla$a2200000$$$4500
001 0150112
005 20221107085853.2
041 0 |a slo 
044 |a CZ 
245 1 0 |a Analýza likvidity pomocou stanovaných veličín  |c Jaroslava Janeková, Tatiana Valigurová 
520 |a Problematika oblasti finančnej analýzy, t.j. analýzy likvidity, ktorá sa realizuje pomocou stavových veličín. Postup hodnotenia likvidity podniku. Posudzovanie vzťahov medzi krátkodobými majetkovými a záväzkovými položkami súvahy, t.j. zložkami čistého pracovného kapitálu. 
610 2 0 |a situácia finančná podniku 
610 2 0 |a cash flow 
610 2 0 |a riziko likvidity 
610 2 0 |a hospodárenie finančné 
610 2 0 |a analýza finančná 
610 2 0 |a závierka účtovná 
610 2 0 |a zisk podnikový 
100 1 |a Janeková, Jaroslava 
700 1 |a Valigurová, Tatiana